000 00590nam a2200205 i 4500
001 58628
003 ES-MaACL
005 20260424183902.0
007 t|
008 031023s1971 ag ||||1| spa d
100 1 _aDurrell, Lawrence,
_d1912-1990
_946321
245 1 0 _aNunquam /
_cLawrence Durrell ; traducción de Matilde Horne.
260 _aBuenos Aires :
_bEditorial Sudamericana,
_c[1971]
300 _a367 p. ;
_c18 cm.
490 1 _aHorizonte
700 1 _aHorne, Matilde.
_964218
830 0 _aHorizonte
_9180916
852 _aES-MaACL
_jL-7071
_bR.107546
999 _c58628
_d58628